| 000 | 00436nam a22001577a 4500 | ||
|---|---|---|---|
| 005 | 20260316170206.0 | ||
| 008 | 260316b |||||||| |||| 00| 0 eng d | ||
| 020 |
_a9780070659698 _qpbk |
||
| 082 |
_a004.6 _bVEL |
||
| 100 | _aVelte, Toby | ||
| 245 |
_aCisco: A Beginner's Guide _bFourth edition |
||
| 260 |
_aAmerica _bTata McGraw Hill Education _c 1 January 2007 |
||
| 300 | _axxvi 679 p. | ||
| 504 | _aindex | ||
| 942 | _cENGLISH | ||
| 999 |
_c617770 _d617770 |
||